[Event "Titled Tuesday intern op 12th Mar Early"]
[Site "Chess.com INT"]
[Date "2024.03.12"]
[Round "1"]
[White "Zarnicki, Pablo Adrian"]
[Black "Samarth, J Rao"]
[Result "1-0"]
[WhiteElo "2514"]
[BlackElo "1770"]
[PlyCount "79"]
[EventDate "2024.03.12"]
[EventType "swiss (blitz)"]
[EventRounds "11"]
[EventCountry "USA"]
[SourceTitle "CB12_2024"]
[SourceDate "2023.10.01"]
[SourceVersion "1"]
[SourceVersionDate "2023.10.01"]
[SourceQuality "1"]

1. e4 c6 2. d4 d5 3. e5 Bf5 4. h4 h6 5. g4 Be4 6. f3 Bg6 7. h5 Bh7 8. c4 e6 9. Nc3 Bb4 10. Qb3 Qa5 11. Bd2 Ne7 12. a3 Bxc3 13. Bxc3 Qc7 14. Bb4 dxc4 15. Bxc4 Nd5 16. Bxd5 exd5 17. Ne2 Nd7 18. Bd6 Qb6 19. Qc3 0-0-0 20. b4 Qb5 21. a4 Qd3 22. Qxd3 Bxd3 23. Nf4 Bh7 24. Kf2 Rhe8 25. b5 f6 26. bxc6 bxc6 27. e6 Nb6 28. Bc5 Kc7 29. e7 Rb8 30. Ne6+ Kd7 31. Nxg7 a6 32. Nxe8 Kxe8 33. Rhe1 Nc4 34. Ra2 Bb1 35. Rae2 Bd3 36. Re6 Rb2+ 37. Kg3 Nd2 38. Rxf6 Nf1+ 39. Rxf1 Bxf1 40. Rf8+ 1-0

[Event "Titled Tuesday intern op 13th Feb Early"]
[Site "Chess.com INT"]
[Date "2024.02.13"]
[Round "8"]
[White "Bacrot, Etienne"]
[Black "Zarnicki, Pablo Adrian"]
[Result "1-0"]
[WhiteElo "2683"]
[BlackElo "2514"]
[PlyCount "63"]
[EventDate "2024.02.13"]
[EventType "swiss (blitz)"]
[EventRounds "11"]
[EventCountry "USA"]
[SourceTitle "CB08_2024"]
[SourceDate "2024.02.21"]
[SourceVersion "1"]
[SourceVersionDate "2024.02.21"]
[SourceQuality "1"]

1. e4 e6 2. d4 d5 3. Nd2 Nc6 4. Ngf3 Nf6 5. e5 Nd7 6. c3 f6 7. exf6 Qxf6 8. Bd3 Bd6 9. Qc2 e5 10. Bxh7 e4 11. Bxe4 dxe4 12. Nxe4 Qg6 13. Bg5 0-0 14. 0-0-0 Bf4+ 15. Bxf4 Rxf4 16. Rde1 Nf6 17. Nxf6+ Rxf6 18. Qxg6 Rxg6 19. d5 Na5 20. Re8+ Kh7 21. g3 Nc4 22. h4 Rf6 23. Ng5+ Kg6 24. f4 Nd6 25. h5+ Kf5 26. Re5+ Kg4 27. Re3 Nc4 28. Rh4+ Kf5 29. Re4 Ra6 30. Rxc4 Kf6 31. Rxc7 Rxa2 32. Rf7# 1-0

[Event "Titled Tuesday intern op 13th Feb Early"]
[Site "Chess.com INT"]
[Date "2024.02.13"]
[Round "10"]
[White "Kamsky, Gata"]
[Black "Zarnicki, Pablo Adrian"]
[Result "1-0"]
[WhiteElo "2623"]
[BlackElo "2514"]
[PlyCount "83"]
[EventDate "2024.02.13"]
[EventType "swiss (blitz)"]
[EventRounds "11"]
[EventCountry "USA"]
[SourceTitle "CB08_2024"]
[SourceDate "2024.02.21"]
[SourceVersion "1"]
[SourceVersionDate "2024.02.21"]
[SourceQuality "1"]

1. e4 e6 2. d4 d5 3. exd5 exd5 4. Nf3 Nf6 5. Bd3 Bd6 6. Qe2+ Qe7 7. Qxe7+ Kxe7 8. 0-0 Re8 9. Bg5 Nbd7 10. Nc3 c6 11. Rfe1+ Kf8 12. Rxe8+ Kxe8 13. Re1+ Kf8 14. Ne2 h6 15. Bf4 Bxf4 16. Nxf4 g5 17. Ne2 Kg7 18. h4 g4 19. Nh2 Nf8 20. c3 Bd7 21. Nf4 Re8 22. Rxe8 Bxe8 23. g3 Bd7 24. Kf1 Ne6 25. Nxe6+ Bxe6 26. Ke2 Ne8 27. Ke3 Kf6 28. Kf4 h5 29. f3 gxf3 30. Nxf3 Ng7 31. Ne5 Bc8 32. Be2 Ne6+ 33. Ke3 Ng7 34. b4 Bf5 35. a4 Bc8 36. a5 a6 37. Nd3 Nf5+ 38. Kf4 Ng7 39. Nc5 Kg6 40. Ke5 Nf5 41. Bd3 f6+ 42. Kf4 1-0

[Event "Titled Tuesday intern op 06th Feb Early"]
[Site "Chess.com INT"]
[Date "2024.02.06"]
[Round "9"]
[White "Ilamparthi, AR."]
[Black "Zarnicki, Pablo Adrian"]
[Result "0-1"]
[WhiteElo "2414"]
[BlackElo "2514"]
[PlyCount "212"]
[EventDate "2024.02.06"]
[EventType "swiss (blitz)"]
[EventRounds "11"]
[EventCountry "USA"]
[SourceTitle "CB07_2024"]
[SourceDate "2024.02.14"]
[SourceVersion "1"]
[SourceVersionDate "2024.02.14"]
[SourceQuality "1"]

1. e4 e5 2. Nf3 Nf6 3. d3 Nc6 4. g3 d5 5. exd5 Nxd5 6. Bg2 g6 7. 0-0 Bg7 8. Re1 0-0 9. Nc3 Nxc3 10. bxc3 h6 11. Rb1 Rb8 12. Nd2 Bd7 13. Ne4 b6 14. c4 Re8 15. h4 Nd4 16. c3 Ne6 17. Qc2 f5 18. Nd2 Kh7 19. Nf3 Nc5 20. d4 exd4 21. Rxe8 Bxe8 22. cxd4 Bxd4 23. Nxd4 Qxd4 24. Qe2 Bf7 25. Qe7 Qd7 26. Qf6 Nd3 27. Be3 Qe6 28. Qd4 Qxc4 29. Qd7 Ne5 30. Qe7 Re8 31. Qa3 Ng4 32. Bf4 c5 33. Qxa7 Qxa2 34. Qxa2 Bxa2 35. Rxb6 Re1+ 36. Bf1 Bc4 37. Rb7+ Kg8 38. Rb8+ Kf7 39. Rb7+ Ke8 40. Rb8+ Kd7 41. Rb7+ Kc6 42. Rc7+ Kb6 43. Kg2 Rxf1 44. Rg7 Rxf2+ 45. Kg1 Rc2 46. Rxg6+ Kb5 47. Bxh6 Bd5 48. Bf4 Rb2 49. Kf1 c4 50. Rg7 c3 51. h5 Kc4 52. Rd7 Bf3 53. Rc7+ Kd3 54. Rd7+ Kc4 55. Rc7+ Kb3 56. Rb7+ Ka2 57. Ra7+ Kb1 58. h6 Nxh6 59. Bxh6 c2 60. Rc7 Be4 61. Kf2 Rb3 62. Be3 Rd3 63. Rc8 Rd1 64. Rb8+ Ka2 65. Rc8 Kb3 66. Rb8+ Ka2 67. Rc8 Ka3 68. Rc7 Rh1 69. Rc8 Rh2+ 70. Ke1 Rg2 71. Bf2 Rh2 72. Ke2 Rh1 73. Be3 Rd1 74. Rc7 Rd5 75. Ra7+ Kb2 76. Rb7+ Kc3 77. Rc7+ Kb3 78. Rb7+ Ka4 79. Ra7+ Kb5 80. Rb7+ Kc6 81. Rb8 Rd1 82. Rc8+ Kd7 83. Rc5 Kd6 84. Rc8 Rh1 85. Rd8+ Ke6 86. Rc8 Rh2+ 87. Ke1 Bd3 88. Bf2 Kd5 89. Kd2 Ke4 90. Re8+ Kf3 91. Kxd3 Rxf2 92. Rc8 Kxg3 93. Ke3 f4+ 94. Kd3 Kf3 95. Rc7 Re2 96. Rc8 Re7 97. Rxc2 Kg3 98. Rc8 f3 99. Rf8 f2 100. Kd2 Kg2 101. Rg8+ Kf1 102. Kd1 Rd7+ 103. Kc2 Rd4 104. Rg7 Ke2 105. Re7+ Kf3 106. Kc3 Rf4 0-1

[Event "Titled Tuesday intern op 06th Feb Early"]
[Site "Chess.com INT"]
[Date "2024.02.06"]
[Round "4"]
[White "Zarnicki, Pablo Adrian"]
[Black "Hasman, Cengiz"]
[Result "1-0"]
[WhiteElo "2514"]
[BlackElo "2079"]
[PlyCount "63"]
[EventDate "2024.02.06"]
[EventType "swiss (blitz)"]
[EventRounds "11"]
[EventCountry "USA"]
[SourceTitle "CB07_2024"]
[SourceDate "2024.02.14"]
[SourceVersion "1"]
[SourceVersionDate "2024.02.14"]
[SourceQuality "1"]

1. e4 d6 2. d4 Nf6 3. Nc3 Nbd7 4. Nf3 e5 5. Bc4 Be7 6. 0-0 c6 7. a4 a5 8. Re1 Qc7 9. Ba2 h6 10. dxe5 dxe5 11. Nh4 g6 12. Qf3 Nc5 13. h3 Be6 14. Be3 Bxa2 15. Bxc5 Be6 16. Bxe7 Qxe7 17. Qg3 Bc4 18. Nf3 Nd7 19. b3 Be6 20. Nxe5 Nxe5 21. Qxe5 0-0 22. Nd5 cxd5 23. exd5 Rfe8 24. dxe6 Qxe6 25. Qxe6 Rxe6 26. Rxe6 fxe6 27. Re1 Kf7 28. Re5 b6 29. Rb5 Rb8 30. c4 Ke7 31. c5 Rd8 32. cxb6 1-0

[Event "Chessable Masters Play In"]
[Site "Chess.com INT"]
[Date "2024.01.31"]
[Round "4"]
[White "Tari, Aryan"]
[Black "Zarnicki, Pablo Adrian"]
[Result "1-0"]
[WhiteElo "2623"]
[BlackElo "2514"]
[PlyCount "85"]
[EventDate "2024.01.31"]
[EventType "swiss (rapid)"]
[EventRounds "9"]
[EventCountry "USA"]
[SourceTitle "CB06_2024"]
[SourceDate "2024.02.07"]
[SourceVersion "1"]
[SourceVersionDate "2024.02.07"]
[SourceQuality "1"]

1. e4 e5 2. Nf3 Nf6 3. Nc3 Nc6 4. a3 d5 5. Bb5 Nxe4 6. Qe2 Nxc3 7. Qxe5+ Qe7 8. dxc3 Bd7 9. Qxe7+ Bxe7 10. Bf4 0-0-0 11. h3 a6 12. Bd3 h6 13. 0-0-0 Bf6 14. g4 g5 15. Be3 Rhe8 16. Rdg1 Ne5 17. Nxe5 Bxe5 18. h4 f6 19. Bg6 Re7 20. hxg5 hxg5 21. Rh6 Be6 22. Bf5 Bxf5 23. gxf5 b6 24. a4 Rdd7 25. a5 b5 26. Bc5 Rh7 27. Rgh1 Rxh6 28. Rxh6 Kb7 29. Bd4 Rf7 30. Kd2 c6 31. Ke3 Kc7 32. Rh8 Kb7 33. Re8 Bd6 34. b4 Re7+ 35. Rxe7+ Bxe7 36. Kf3 c5 37. bxc5 Kc6 38. Kg4 Bxc5 39. Bxf6 b4 40. Bd4 Bf8 41. Kxg5 bxc3 42. Bxc3 Kb5 43. Kf6 1-0

[Event "Chessable Masters Play In"]
[Site "Chess.com INT"]
[Date "2024.01.31"]
[Round "1"]
[White "Zarnicki, Pablo Adrian"]
[Black "Alonso Rosell, Alvar"]
[Result "0-1"]
[WhiteElo "2514"]
[BlackElo "2562"]
[PlyCount "140"]
[EventDate "2024.01.31"]
[EventType "swiss (rapid)"]
[EventRounds "9"]
[EventCountry "USA"]
[SourceTitle "CB06_2024"]
[SourceDate "2024.02.07"]
[SourceVersion "1"]
[SourceVersionDate "2024.02.07"]
[SourceQuality "1"]

1. e4 c6 2. d4 d5 3. Nc3 dxe4 4. Nxe4 Nf6 5. Nxf6+ exf6 6. Bc4 Bd6 7. Qe2+ Be7 8. c3 0-0 9. Qc2 Re8 10. Ne2 Nd7 11. Bd2 Nf8 12. 0-0-0 b5 13. Bd3 Be6 14. Kb1 Bd6 15. Ng3 g6 16. h4 h5 17. Ne4 Be7 18. f3 f5 19. Ng5 Bxg5 20. Bxg5 Qd5 21. b3 a5 22. Rhe1 a4 23. b4 Qd7 24. Re2 Bd5 25. Rde1 Rxe2 26. Qxe2 Ne6 27. Bf6 Re8 28. Qd2 Kh7 29. g4 Nf4 30. Rxe8 Qxe8 31. Qxf4 Qe1+ 32. Kc2 Bxa2 33. Qc1 Bb3+ 34. Kb1 Ba2+ 35. Kc2 Bb3+ 36. Kb1 Qf2 37. Bc2 fxg4 38. fxg4 Qxf6 39. gxh5 Qxh4 40. hxg6+ fxg6 41. Bxb3 axb3 42. Kb2 Qe4 43. Kxb3 Qd5+ 44. Ka3 g5 45. Qe3 Kg6 46. Qe8+ Kf5 47. Qf8+ Ke4 48. Qf1 g4 49. Qf2 Kd3 50. Kb2 Qf3 51. Qc2+ Ke3 52. Qc1+ Kf2 53. Kb3 g3 54. Qd2+ Qe2 55. Qf4+ Kg2 56. Qe5 Qd3 57. Qf4 Kg1 58. Qc1+ Kf2 59. Qf4+ Ke2 60. Qe5+ Kd2 61. Qg5+ Qe3 62. Qg4 Qxc3+ 63. Ka2 Qc2+ 64. Ka3 Qa4+ 65. Kb2 Qxb4+ 66. Ka2 Qc4+ 67. Kb2 Qc3+ 68. Ka2 b4 69. Qf4+ Qe3 70. Qg4 Kc3 0-1

[Event "Chessable Masters Play In"]
[Site "Chess.com INT"]
[Date "2024.01.31"]
[Round "5"]
[White "Zarnicki, Pablo Adrian"]
[Black "Warmerdam, Max"]
[Result "0-1"]
[WhiteElo "2514"]
[BlackElo "2625"]
[PlyCount "100"]
[EventDate "2024.01.31"]
[EventType "swiss (rapid)"]
[EventRounds "9"]
[EventCountry "USA"]
[SourceTitle "CB06_2024"]
[SourceDate "2024.02.07"]
[SourceVersion "1"]
[SourceVersionDate "2024.02.07"]
[SourceQuality "1"]

1. e4 e5 2. Nf3 Nc6 3. Bc4 Nf6 4. Bd3 Bc5 5. 0-0 0-0 6. c3 d5 7. exd5 Qxd5 8. Bc2 e4 9. d4 exf3 10. dxc5 fxg2 11. Re1 Qxc5 12. Be3 Qe5 13. Nd2 Bg4 14. f3 Bf5 15. Bf2 Bxc2 16. Qxc2 Qh5 17. Kxg2 Rad8 18. Bg3 Qg6 19. Ne4 Nd5 20. Kh1 Qf5 21. Qg2 Nf4 22. Bxf4 Qxf4 23. Rad1 Ne5 24. Rxd8 Rxd8 25. Rf1 Rd3 26. Ng3 Rd2 27. Rf2 Rxf2 28. Qxf2 Qxf3+ 29. Qxf3 Nxf3 30. Kg2 Ne5 31. b3 Kf8 32. Kf1 g6 33. Ke2 f5 34. Ke3 Ke7 35. Ne2 Ng4+ 36. Kf4 Nxh2 37. Nd4 a6 38. b4 Ng4 39. Nb3 b6 40. a4 Kf6 41. c4 Ne5 42. Nd2 Nd3+ 43. Ke3 Nxb4 44. Kd4 c5+ 45. Kc3 g5 46. a5 bxa5 47. Nb3 g4 48. Nxc5 g3 49. Nd7+ Ke6 50. Nf8+ Ke7 0-1

[Event "Titled Tuesday intern op 23rd Jan Late"]
[Site "Chess.com INT"]
[Date "2024.01.23"]
[Round "8"]
[White "Gavrilescu, David"]
[Black "Zarnicki, Pablo Adrian"]
[Result "1-0"]
[WhiteElo "2523"]
[BlackElo "2514"]
[PlyCount "77"]
[EventDate "2024.01.23"]
[EventType "swiss (blitz)"]
[EventRounds "11"]
[EventCountry "USA"]
[SourceTitle "CB05_2024"]
[SourceDate "2024.01.31"]
[SourceVersion "1"]
[SourceVersionDate "2024.01.31"]
[SourceQuality "1"]

1. e4 e5 2. h3 Nf6 3. Nc3 Nc6 4. Nf3 Bb4 5. Nd5 0-0 6. Nxb4 Nxb4 7. c3 Nc6 8. d3 d5 9. Qc2 a5 10. a4 h6 11. Be2 Re8 12. 0-0 Be6 13. Re1 Qd7 14. Bf1 Rad8 15. Be3 d4 16. Bd2 dxc3 17. bxc3 b6 18. Rab1 Qe7 19. Be3 Nd7 20. d4 exd4 21. cxd4 Nb4 22. Qxc7 Rc8 23. Qg3 Ba2 24. Bxh6 Qf6 25. Bg5 Qg6 26. Rbc1 Rxc1 27. Rxc1 Rxe4 28. Rc8+ Kh7 29. Qc7 f6 30. Qxd7 Be6 31. Qd8 Bxc8 32. Qxc8 fxg5 33. Qd8 Qf6 34. Nxg5+ Kh6 35. Qxf6+ gxf6 36. Nxe4 Kg7 37. g4 Nd5 38. Kh2 Kf7 39. Bc4 1-0

[Event "Titled Tuesday intern op 23rd Jan Late"]
[Site "Chess.com INT"]
[Date "2024.01.23"]
[Round "10"]
[White "Melikhov, Evgeny V"]
[Black "Zarnicki, Pablo Adrian"]
[Result "1-0"]
[WhiteElo "2192"]
[BlackElo "2514"]
[PlyCount "59"]
[EventDate "2024.01.23"]
[EventType "swiss (blitz)"]
[EventRounds "11"]
[EventCountry "USA"]
[SourceTitle "CB05_2024"]
[SourceDate "2024.01.31"]
[SourceVersion "1"]
[SourceVersionDate "2024.01.31"]
[SourceQuality "1"]

1. d4 Nf6 2. c4 e6 3. Nc3 Bb4 4. Qc2 0-0 5. e4 d6 6. e5 Nfd7 7. Nf3 Nc6 8. Bf4 Nxd4 9. Nxd4 dxe5 10. Nxe6 fxe6 11. Be3 e4 12. a3 Bxc3+ 13. Qxc3 Nf6 14. Rd1 Qe7 15. Be2 b6 16. 0-0 Bb7 17. c5 Bd5 18. b4 Rad8 19. h3 Qf7 20. Qe5 bxc5 21. Bxc5 Rfe8 22. Be3 c6 23. b5 Nd7 24. Qg5 c5 25. a4 Rc8 26. Rc1 Qf6 27. Qg3 c4 28. Rfd1 c3 29. Bd4 Qf5 30. Qxg7# 1-0

[Event "Titled Tuesday intern op 23rd Jan Late"]
[Site "Chess.com INT"]
[Date "2024.01.23"]
[Round "7"]
[White "Rozman, Levy"]
[Black "Zarnicki, Pablo Adrian"]
[Result "0-1"]
[WhiteElo "2322"]
[BlackElo "2514"]
[PlyCount "68"]
[EventDate "2024.01.23"]
[EventType "swiss (blitz)"]
[EventRounds "11"]
[EventCountry "USA"]
[SourceTitle "CB05_2024"]
[SourceDate "2024.01.31"]
[SourceVersion "1"]
[SourceVersionDate "2024.01.31"]
[SourceQuality "1"]

1. e4 e5 2. Nf3 Nf6 3. d3 Nc6 4. c3 d5 5. Qc2 a5 6. a4 Bc5 7. Be2 0-0 8. h3 Re8 9. Nbd2 Ba7 10. Nf1 dxe4 11. dxe4 Nh5 12. g3 h6 13. Be3 Nf6 14. Bxa7 Rxa7 15. Ne3 Be6 16. Rd1 Qe7 17. g4 Qc5 18. 0-0 Ne7 19. Nh4 Raa8 20. Rd2 Rad8 21. Rfd1 Rxd2 22. Rxd2 Nh7 23. Nhf5 Ng6 24. Nd5 Ng5 25. Kg2 c6 26. Nc7 Nf4+ 27. Kg3 Bxf5 28. gxf5 Ngxh3 29. Bf1 Rc8 30. Bxh3 Rxc7 31. Rd8+ Kh7 32. Qd2 Qe7 33. Kh2 Qh4 34. Rd3 Rd7 0-1

[Event "Titled Tuesday intern op 23rd Jan Late"]
[Site "Chess.com INT"]
[Date "2024.01.23"]
[Round "9"]
[White "Zarnicki, Pablo Adrian"]
[Black "Schnaider, Ilan"]
[Result "0-1"]
[WhiteElo "2514"]
[BlackElo "2323"]
[PlyCount "114"]
[EventDate "2024.01.23"]
[EventType "swiss (blitz)"]
[EventRounds "11"]
[EventCountry "USA"]
[SourceTitle "CB05_2024"]
[SourceDate "2024.01.31"]
[SourceVersion "1"]
[SourceVersionDate "2024.01.31"]
[SourceQuality "1"]

1. e4 c5 2. Nf3 d6 3. d4 cxd4 4. Qxd4 Nc6 5. Bb5 a6 6. Bxc6+ bxc6 7. Nc3 e5 8. Qd3 Ne7 9. 0-0 Ng6 10. Bg5 Qc7 11. Nd2 h6 12. Be3 Be6 13. Nc4 Be7 14. Rad1 Bxc4 15. Qxc4 Qb7 16. Qb3 Rb8 17. Na4 0-0 18. Qxb7 Rxb7 19. c4 f5 20. f3 fxe4 21. fxe4 Rd8 22. b3 Nf8 23. c5 Ne6 24. cxd6 Bxd6 25. Rd3 Be7 26. Rfd1 Rxd3 27. Rxd3 Kf7 28. g3 Ke8 29. Kf2 h5 30. h4 g6 31. Rc3 Kd7 32. Nb6+ Kc7 33. Nd5+ Kd6 34. Nb6 Nd4 35. Nc4+ Ke6 36. Rd3 Bc5 37. Kg2 Rd7 38. Nd2 Bb4 39. Bxd4 exd4 40. Nf3 Bc3 41. Kf2 c5 42. Ke2 Rb7 43. Rd1 a5 44. Kd3 Rb4 45. Ng5+ Ke5 46. Nf7+ Ke6 47. Ng5+ Kd6 48. Rf1 a4 49. Rf6+ Ke7 50. Re6+ Kd7 51. Kc2 axb3+ 52. axb3 c4 53. bxc4 Rb2+ 54. Kc1 d3 55. Rxg6 Rc2+ 56. Kd1 Ra2 57. Kc1 Ra1# 0-1

[Event "Titled Tuesday intern op 14th Nov Early"]
[Site "Chess.com INT"]
[Date "2023.11.14"]
[Round "5"]
[White "Preobrazhenskaya, Diana"]
[Black "Zarnicki, Pablo Adrian"]
[Result "1-0"]
[WhiteElo "2054"]
[BlackElo "2514"]
[PlyCount "23"]
[EventDate "2023.11.14"]
[EventType "swiss (blitz)"]
[EventRounds "11"]
[EventCountry "USA"]
[SourceTitle "CB47_2023"]
[SourceDate "2023.11.22"]
[SourceVersion "1"]
[SourceVersionDate "2023.11.22"]
[SourceQuality "1"]

1. e4 e5 2. Nf3 Nf6 3. Nxe5 d6 4. Nf3 Nxe4 5. d4 Nf6 6. Bd3 Be7 7. 0-0 0-0 8. Re1 c5 9. c3 Bg4 10. h3 cxd4 11. hxg4 Nc6 12. g5 1-0

[Event "Titled Tuesday intern op 14th Nov Early"]
[Site "Chess.com INT"]
[Date "2023.11.14"]
[Round "3"]
[White "Vincenti, Leonardo"]
[Black "Zarnicki, Pablo Adrian"]
[Result "0-1"]
[WhiteElo "2120"]
[BlackElo "2514"]
[PlyCount "100"]
[EventDate "2023.11.14"]
[EventType "swiss (blitz)"]
[EventRounds "11"]
[EventCountry "USA"]
[SourceTitle "CB47_2023"]
[SourceDate "2023.11.22"]
[SourceVersion "1"]
[SourceVersionDate "2023.11.22"]
[SourceQuality "1"]

1. e4 c5 2. Nf3 e6 3. d4 cxd4 4. Nxd4 Nf6 5. Nc3 Nc6 6. Nxc6 bxc6 7. e5 Nd5 8. Ne4 f5 9. exf6 Nxf6 10. Bd3 d5 11. Nxf6+ Qxf6 12. 0-0 Bd6 13. Qh5+ g6 14. Bg5 gxh5 15. Bxf6 0-0 16. Bh4 e5 17. Be2 Bf5 18. c3 Bg6 19. Bg3 Rae8 20. Rad1 Rf6 21. a3 e4 22. Bxd6 Rxd6 23. b4 e3 24. f3 a5 25. Rd4 axb4 26. axb4 Ra8 27. c4 Ra2 28. Re1 Rd2 29. Rf4 d4 30. c5 Rd8 31. Bc4+ Kg7 32. g4 hxg4 33. fxg4 Rf8 34. Rxf8 Kxf8 35. h4 Be4 36. Rf1+ Ke8 37. Rf4 Bd5 38. Bxd5 cxd5 39. Kf1 d3 40. Rf3 Rd1+ 41. Kg2 e2 42. Re3+ Kd7 43. Kf2 Rf1+ 44. Kg2 e1Q 45. Rxe1 Rxe1 46. g5 d2 47. h5 d1Q 48. g6 Re3 49. gxh7 Qd2+ 50. Kf1 Re1# 0-1

[Event "Titled Tuesday intern op 12th Sep Late"]
[Site "Chess.com INT"]
[Date "2023.09.12"]
[Round "5"]
[White "Zarnicki, Pablo Adrian"]
[Black "Leiva Rodriguez, Jeammarco Giuseppe"]
[Result "1-0"]
[WhiteElo "2514"]
[BlackElo "2393"]
[PlyCount "79"]
[EventDate "2023.09.12"]
[EventType "swiss (blitz)"]
[EventRounds "11"]
[EventCountry "USA"]
[SourceTitle "EXT 2024"]
[Source "ChessBase"]
[SourceDate "2023.10.10"]
[SourceVersion "1"]
[SourceVersionDate "2023.10.10"]
[SourceQuality "1"]

1. e4 c5 2. Nf3 d6 3. Bb5+ Nd7 4. d4 cxd4 5. Qxd4 a6 6. Bxd7+ Bxd7 7. Nc3 e5 8. Qd3 h6 9. a4 Nf6 10. 0-0 Rc8 11. b3 Be7 12. Nd2 Qc7 13. Bb2 0-0 14. Nc4 Rfd8 15. Ne3 Bf8 16. Rad1 b5 17. axb5 axb5 18. Rd2 b4 19. Ncd5 Nxd5 20. Nxd5 Qb7 21. Qg3 Be6 22. f4 Bxd5 23. exd5 f6 24. h3 Kh8 25. Kh2 Rc5 26. Qd3 Rdc8 27. Rf3 Qd7 28. Rff2 Re8 29. Qe4 Be7 30. Qxb4 Rec8 31. c4 Qc7 32. Qc3 Qb7 33. Qd3 Rb8 34. Rf3 Rcc8 35. Qg6 Bf8 36. Rdf2 Qd7 37. Rg3 Re8 38. fxe5 dxe5 39. Rxf6 Be7 40. Qxg7# 1-0

[Event "Titled Tuesday intern op 05th Sep Late"]
[Site "Chess.com INT"]
[Date "2023.09.05"]
[Round "5"]
[White "Zarnicki, Pablo Adrian"]
[Black "Pironti, Francisco Ferrari"]
[Result "1/2-1/2"]
[WhiteElo "2514"]
[BlackElo "1947"]
[PlyCount "115"]
[EventDate "2023.09.05"]
[EventType "swiss (blitz)"]
[EventRounds "11"]
[EventCountry "USA"]
[SourceTitle "EXT 2024"]
[Source "ChessBase"]
[SourceDate "2023.10.10"]
[SourceVersion "1"]
[SourceVersionDate "2023.10.10"]
[SourceQuality "1"]

1. e4 c5 2. Nf3 d6 3. Bb5+ Bd7 4. Bxd7+ Nxd7 5. c4 e5 6. Nc3 Ngf6 7. 0-0 g6 8. d3 Bg7 9. a3 a6 10. Bg5 h6 11. Bxf6 Nxf6 12. Nd2 0-0 13. b4 Nd7 14. Rb1 f5 15. Nd5 f4 16. Qg4 Qe8 17. Nc7 Nf6 18. Nxe8 Nxg4 19. Nxd6 cxb4 20. axb4 Rfd8 21. c5 a5 22. b5 Bf8 23. N2c4 Bxd6 24. cxd6 a4 25. Rfc1 Rac8 26. Ra1 Rc5 27. Rcb1 Ra8 28. Nb6 Rd8 29. d7 Nf6 30. Rxa4 Nxd7 31. Nd5 Kf7 32. Ra7 Rdc8 33. h3 Rc1+ 34. Rxc1 Rxc1+ 35. Kh2 Ke6 36. Rxb7 Nc5 37. Rb6+ Kd7 38. Rc6 Nxd3 39. Rxc1 Nxc1 40. h4 Nd3 41. f3 Kd6 42. g3 g5 43. hxg5 hxg5 44. Kh3 Nf2+ 45. Kg2 Nd3 46. b6 Kc6 47. gxf4 Nxf4+ 48. Kg3 Nxd5 49. exd5+ Kxb6 50. Kg4 Kc5 51. Kxg5 Kxd5 52. Kf5 Kd4 53. Kg4 Ke3 54. Kg3 Ke2 55. Kg4 Ke3 56. Kg3 Ke2 57. Kg2 Ke3 58. Kg3 1/2-1/2

[Event "Titled Tuesday intern op 08th Aug Early"]
[Site "Chess.com INT"]
[Date "2023.08.08"]
[Round "9"]
[White "Toktomushev, Teimur"]
[Black "Zarnicki, Pablo Adrian"]
[Result "1-0"]
[WhiteElo "2210"]
[BlackElo "2514"]
[PlyCount "137"]
[EventDate "2023.08.08"]
[EventType "swiss (blitz)"]
[EventRounds "11"]
[EventCountry "USA"]
[SourceTitle "EXT 2024"]
[Source "ChessBase"]
[SourceDate "2023.10.10"]
[SourceVersion "1"]
[SourceVersionDate "2023.10.10"]
[SourceQuality "1"]

1. d4 Nf6 2. c4 g6 3. Nc3 Bg7 4. e4 d6 5. f3 0-0 6. Be3 b6 7. Nge2 c5 8. Qd2 Nc6 9. 0-0-0 a6 10. g4 Bd7 11. h4 h5 12. g5 Ne8 13. Kb1 cxd4 14. Nxd4 Ne5 15. f4 Ng4 16. Bg1 Nc7 17. f5 b5 18. Bh3 Ne5 19. cxb5 axb5 20. fxg6 fxg6 21. Bxd7 Qxd7 22. Qe2 b4 23. Nd5 Nxd5 24. exd5 Qa4 25. b3 Qa3 26. Ne6 Rf3 27. Bd4 Bh8 28. Rhf1 Rf5 29. Rxf5 gxf5 30. Rf1 Ng4 31. Bxh8 Kxh8 32. Rxf5 Rc8 33. Qb2+ Qxb2+ 34. Kxb2 Ne3 35. Rf3 Nxd5 36. g6 Kg8 37. g7 Nf6 38. Rf5 Kf7 39. Ng5+ Kg6 40. Rb5 Kxg7 41. Rxb4 Rc5 42. Ne6+ Kf7 43. Nxc5 dxc5 44. Rc4 Nd7 45. a4 Ke6 46. a5 Kd5 47. Rf4 e5 48. Rf5 Nb8 49. Rxh5 Nc6 50. a6 Kd4 51. Rh6 Na7 52. Rh7 Nb5 53. a7 Nxa7 54. Rxa7 e4 55. Rd7+ Ke3 56. Re7 Kf3 57. h5 e3 58. h6 e2 59. h7 e1Q 60. Rxe1 Kf2 61. Rc1 c4 62. Rxc4 Ke2 63. h8Q Kd2 64. Qh2+ Kd1 65. Rd4+ Ke1 66. Qd2+ Kf1 67. Rf4+ Kg1 68. Qf2+ Kh1 69. Rh4# 1-0

[Event "Titled Tuesday intern op 08th Aug Early"]
[Site "Chess.com INT"]
[Date "2023.08.08"]
[Round "10"]
[White "Zarnicki, Pablo Adrian"]
[Black "Shapiro, Daniel E"]
[Result "1-0"]
[WhiteElo "2514"]
[BlackElo "2284"]
[PlyCount "87"]
[EventDate "2023.08.08"]
[EventType "swiss (blitz)"]
[EventRounds "11"]
[EventCountry "USA"]
[SourceTitle "EXT 2024"]
[Source "ChessBase"]
[SourceDate "2023.10.10"]
[SourceVersion "1"]
[SourceVersionDate "2023.10.10"]
[SourceQuality "1"]

1. d4 Nf6 2. c4 e6 3. Nc3 Bb4 4. g3 c5 5. Nf3 cxd4 6. Nxd4 a6 7. Bg2 Qc7 8. Qb3 Be7 9. 0-0 0-0 10. Na4 d6 11. Nb6 Ra7 12. Be3 Ng4 13. Nxc8 Qxc8 14. Nf5 exf5 15. Bxa7 Nd7 16. h3 Nge5 17. Bd4 b6 18. Rac1 Qc7 19. Rfd1 Bf6 20. Qc3 Re8 21. e3 h5 22. Qa3 a5 23. h4 Nc5 24. Bd5 Ne4 25. Bxe5 dxe5 26. Bxe4 fxe4 27. Qd6 Qc8 28. Qd7 g6 29. Qxc8 Rxc8 30. Rd6 Bd8 31. Rcd1 Be7 32. Rd7 Bc5 33. b3 Kg7 34. Rb7 Rc6 35. Rdd7 Rf6 36. Rbc7 Rf3 37. Kg2 Kg8 38. Rd5 Rf5 39. Rdxc5 bxc5 40. Rxc5 f6 41. Rxa5 Kf7 42. Rd5 g5 43. c5 g4 44. c6 1-0